000 00530nam a22002057a 4500
003 OSt
005 20161004135632.0
008 161004b xxu||||| |||| 00| 0 eng d
020 _a072791104x
040 _cDNLM.
082 _aWL100N398 1997
100 _aEdited by Hughes,R.A C;
_911135
245 _aNeurological Emergencies.
250 _a2nd ed.
260 _aLondon.
_bBMJ Publishing Group.
_c1997.
300 _aviii,358p;
_bill;
_c22cm.
504 _aincludes index.
650 _aPsychiatry.
_9351
942 _2z
_cO_SHELF
999 _c5302
_d5302